| 000 | 00786nam a22001937a 4500 | ||
|---|---|---|---|
| 999 |
_c194561 _d194561 |
||
| 005 | 20230509150027.0 | ||
| 010 | _aB-747503-507 E.N.A./7.11.22 | ||
| 020 |
_a9788187879589 _c650.00 |
||
| 035 | _aB-747503-507 | ||
| 037 | _bLG Publishers Distr. | ||
| 082 | _a923.154 | ||
| 100 | _aHasan, Mohibbul | ||
| 245 |
_aHistory of Tipu Sultan / _cby Mohibbul Hasan |
||
| 260 |
_aDelhi _bAakar Books _c2022 |
||
| 270 |
_a28 E Pocket IV, Mayur Vihar, Phase I _bDelhi _e110091 |
||
| 300 |
_axvi, 442p. _c22cm(pbk) |
||
| 942 |
_2ddc _cEN _mHAS _h923.154 |
||